000 00769nam a2200217Ia 4500
999 _c35385
_d35385
001 1238
003 GE_BSU
005 20251226135410.0
008 181216s1991||||ge |||||||||||||| ||geo||
040 _cGE_BSU
041 _ageo
080 _a577.1(07) ა–42
100 _aალექსიძე, ნ.გ.
_926605
245 _aბიოლოგიური ქიმიის პრაქტიკუმი /
_cნ.გ.ალექსიძე
264 _aთბილისი :
_bთბილისის უნ–ტის
_c1981
300 _a216 გვ.
_b19 სმ.
653 _aბიოლოგია
653 _aბიოლოგიური ქიმიის პრაქტიკუმი
653 _aქიმია
942 _cBK
_2udc